| 000 | 00637nam a22001937a 4500 | ||
|---|---|---|---|
| 999 |
_c168268 _d168268 |
||
| 005 | 20191001150708.0 | ||
| 010 | _aENG-126588 | ||
| 020 |
_a9788178442402 _c595.00 |
||
| 035 | _aEN-110120 | ||
| 037 | _bDBAD/PUB | ||
| 082 | _a337.54 | ||
| 100 | _aSurender Singh | ||
| 245 |
_aSouth Asian economic union / _cby Surender Singh |
||
| 260 |
_aNew Delhi _bK.K. Pubications _c2018 |
||
| 270 |
_a4806/24, Bharat Ram Road _bDarya Ganj, New Delhi _e110002 _k011-23285167, 65185557 _minfo@kkpublications.com |
||
| 300 |
_axvi;160p. _c22cm(Hb) |
||
| 500 | _aIncludes bibliographical references | ||
| 942 |
_2ddc _cEN _h337.54 _mSUR |
||